• 首页
  • 本馆介绍
  • 公告通知
  • 最新文献
  • 馆藏检索
  • 电子资源
  • 读者导购
  • 参考咨询
  • 我的图书馆
  • 登录
  • 详细信息显示
  • 放入我的书架
  • 预约/预借图书
  • 作者相关作品
  • 分类相关作品
  • 丛书相关作品
  • 出版社相关作品

书目信息

  • 表格格式
  • 工作单格式
  • 卡片格式
题名:
排列与组合
    
 
作者: 翟宗荫 著
分册:  
出版信息: 上海   上海教育出版社  1978
页数: 88页
开本: 19cm
丛书名:
单 册:
中图分类: O122.4
科图分类:
主题词: 排列--基本知识 , 组合--基本知识
电子资源:
ISBN:
000 00624nam2 2200241 45
001 0179002520
005 20070801173652.39
010    @dCNY0.20
091    @a7150.1534
100    @a19950725d1978 em y0chiy0121 ea
101 0  @achi
102    @aCN@b310000
105    @ay z 000yy
200 10 @a排列与组合@Apai lie yu zu he@f翟宗荫著@Fzhai zong yin zhu
205    @a2版
210    @a上海@c上海教育出版社@d1978
215    @a88页@d19cm
606    @a排列@x基本知识
606    @a组合@x基本知识
690    @aO122.4@v3
701  0 @a翟宗荫@Azhai zong yin@4著
801  0 @aCN@bTSSF@c20070801
905    @a10447@dO122.4@e36=2
    
    排列与组合/翟宗荫著.-2版.-上海:上海教育出版社,1978
    88页;19cm
    
    
    ISBN :CNY0.20
    
●
相关链接 在E读中查询图书 在五车中查询图书 在当当中查询图书 在豆瓣中查询图书


正题名:排列与组合     索取号:O122.4/36=2         预约/预借

序号 登录号 条形码 馆藏地/架位号 状态 备注
1 0790726   207907265   第二样本阅览室/ [索取号:O122.4/36=2] 在馆    
唐山师范学院图书馆 欢迎您!
大连网信软件有限公司© 版权所有